000 00679nam a22002417a 4500
005 20170405150357.0
008 170405b xxu||||| |||| 00| 0 eng d
020 _a9788192659725
_cRs.200.00
040 _aLoreto College
041 _aBengali
082 _a301.246
_bCHO
100 _aChoudhury,Aniruddha
245 _aBharater samajik samasya
_cAniruddha Choudhury, Krishnadas Chattopadhyay,Santanu Ghosh
250 _a6th ed
260 _aKolkata
_bChatterjee Publishers
_c2016
300 _a376p
_b22cm
650 _aSociology
650 _aSociety in India
650 _aSocial problems-India
651 _aIndia-Social problems
850 _aLCLIB
942 _cBK
999 _c41025
_d91504